|
|
|
|
| LEADER |
01753cam a2200385 a 4500 |
| 001 |
c000278414 |
| 003 |
CARM |
| 005 |
20071219084334.0 |
| 008 |
850708s1965 ne ab b 000 0 eng d |
| 019 |
1 |
|
|a 3844713
|z 25383339
|z 55544787
|5 LACONCORD2021
|
| 035 |
|
|
|a (OCoLC)230937
|5 LACONCORD2021
|
| 040 |
|
|
|a NUN
|b eng
|c NUN
|d ABN-SNR
|
| 043 |
|
|
|a e------
|
| 082 |
1 |
4 |
|a 333/.0094
|2 19
|
| 100 |
1 |
|
|a Dovring, Folke.
|
| 245 |
1 |
0 |
|a Land and labor in Europe in the twentieth century :
|b a comparative survey of recent agrarian history /
|c by Folke Dovring.
|
| 246 |
3 |
|
|a Land and labor in Europe 1900-1950
|
| 246 |
3 |
|
|a Land reform as a propaganda theme
|
| 250 |
|
|
|a 3rd rev. ed.
|
| 260 |
|
|
|a The Hague :
|b Nijhoff,
|c 1965.
|
| 300 |
|
|
|a xi, 511 p. :
|b ill., map (fold.) ;
|c 25 cm.
|
| 440 |
|
0 |
|a Studies in social life ;
|v 4.
|
| 500 |
|
|
|a With a chapter on "Land reform as a propaganda theme", by Karin Dovring.
|
| 500 |
|
|
|a 3rd rev. ed. of Land and labor in Europe 1900-1950.
|
| 500 |
|
|
|a Includes bibliographical references.
|
| 650 |
|
0 |
|a Agriculture
|z Europe
|x History
|y 20th century.
|
| 650 |
|
0 |
|a Land reform
|z Europe
|x History
|x 20th century.
|
| 650 |
|
0 |
|a Agricultural laborers
|z Europe
|x History
|y 20th century.
|
| 700 |
1 |
|
|a Dovring, Karin.
|t Land reform as a propaganda theme.
|
| 700 |
1 |
|
|a Dovring, Folke.
|t Land and labor in Europe 1900-1950.
|
| 852 |
8 |
|
|b CARM
|h A1:AQ16F0
|i C10775
|p 0459387
|f BK
|
| 852 |
8 |
|
|b CARM
|h A1:AL12E0
|i C10357
|p 0455375
|f BK
|
| 999 |
f |
f |
|i 2336b8de-3ec0-5135-ab13-934deb2ffe1c
|s 25cb4fe5-cbc7-5566-a4b8-c2a32c7365cb
|
| 952 |
f |
f |
|p Can circulate
|a CAVAL
|b CAVAL
|c CAVAL
|d CARM 1 Store
|e C10357
|f A1:AL12E0
|h Other scheme
|i book
|m 0455375
|
| 952 |
f |
f |
|p Can circulate
|a CAVAL
|b CAVAL
|c CAVAL
|d CARM 1 Store
|e C10775
|f A1:AQ16F0
|h Other scheme
|i book
|m 0459387
|